000 00719nam a2200181Ia 4500
008 100920s9999 xx 000 0 und d
082 _b40018
_a28 व 51 थ 64
100 _aभिडे रामकृष्ण गोपाळ.
245 _aश्रीगौरांग महाप्रभु.
260 _bचित्रशाळा प्रेस प्रकाशन, पुणे.
_c1964
300 _a84
_bसाधी
365 _b1.6
520 _aबा. वि चरित्र.
630 _aश्रीगौरांग महाप्रभु.
650 _aबा. वि चरित्र.
730 _aश्रीगौरांग महाप्रभु.
942 _cBOOK
999 _c691258
_d691255